000 00503naa a22001937a 4500
001 29071
003 94331
005 20201118100613.0
008 ||||||n9999 ||| || ||
041 _aspa
100 _aGoodin, Robert
245 0 _aPensar en grande, pensar en pequeno y simplemente no pensar
260 _aMéxico :
_bMiguel Ángel Porrúa,
_c1992.
300 _a31p
562 _e0
650 _aTOMA DE DECISIONES
773 _015666
_aLa hechura de las políticas
942 _cCHAP
999 _c29071
_d29071